00378nam a2200085Ia 4500008004100000245013100041260000900172300008700181650002400268180130s9999 xx 000 0 und d cSamoilenko, Anna; Yasseri, TahaaThe distorted mirror of Wikipedia: a quantitative analysis of Wikipedia coverage of academics c2016 aBook title: Knowledge discovery in databases--Acession number C20553; pages 95-105 aKNOWLEDGE DISCOVERY